ბათუმის შოთა რუსთაველის სახელმწიფო უნივერსიტეტის ბიბლიოთეკა

ეგოიზმი ფილოსოფიაში / (ბიბ.ჩანაწერი № 54192)

000 -ლიდერი
ფიქსირებული სიგრძის საკონტროლო ველი 01331nam a2200277Ia 4500
001 - საკონტროლო ნომერი
საკონტროლო ველი 21248
003 - საკონტროლო ნომრის იდენტიფიკატორი
საკონტროლო ველი GE_BSU
005 - ბოლო ოპერაციის თარიღი და დრო
საკონტროლო ველი 20211018174352.0
008 - ფიქსირებული სიგრძის მონაცემთა ელემენტები - ზოგადი ინფორმაცია
ფიქსირებული სიგრძის საკონტროლო ველი 181216s2009||||ge |||||||||||||| ||geo||
040 ## - კატალოგიზაციის წყარო
Transcribing agency GE_BSU
041 ## - ენის კოდი
Language code of text/sound track or separate title geo
080 ## - უნივერსალური ათობითი კლასიფიკაციის ინდექსი
Universal Decimal Classification number 1 შ-88
100 ## - მთავარი ჩანაწერი - პიროვნების სახელი
Personal name შტაინერი, რუდოლფ
9 (RLIN) 3841
245 ## - ცნობა სათაურის შესახებ
Title ეგოიზმი ფილოსოფიაში /
Statement of responsibility, etc რუდოლფ შტაინერი ; მთარგმნელები ლ. ბაბლუანი, ა. კვარაცხელია ; რედაქტორი ა. კვარაცხელია.
264 ## - წარმოების, გამოცემის, დისტრიბუციის და სხვა ცნობები
გამოცემის, წარმოების, დისტრიბუციის... ადგილი თბილისი :
გამოცემის, წარმოების, დისტრიბუციის... სახელწოდება [?],
გამოცემის, წარმოების, დისტრიბუციის... თარიღი 2009.
300 ## - ფიზიკური აღწერა
Extent 80 გვ. ;
Dimensions 21 სმ.
490 ## - სერიის ცნობა
Series statement ანთროპოსოფიის ბიბლიოთეკა
520 ## - SUMMARY, ETC.
Summary, etc პარალელური სათაური ინგლისურ ენაზე
653 ## - INDEX TERM--UNCONTROLLED
Uncontrolled term ეგოიზმი ფილოსოფიაში
653 ## - INDEX TERM--UNCONTROLLED
Uncontrolled term ფილოსოფია
700 ## - ADDED ENTRY--PERSONAL NAME
Personal name ბაბლუანი, ლ.
Relator term მთარგმნელი
9 (RLIN) 8097
700 ## - ADDED ENTRY--PERSONAL NAME
Personal name კვარაცხელია, ა.
Relator term მთარგმნელი
9 (RLIN) 6657
700 ## - ADDED ENTRY--PERSONAL NAME
Personal name კვარაცხელია, ა.
Relator term რედაქტორი
9 (RLIN) 6657
942 ## - ADDED ENTRY ELEMENTS (KOHA)
Koha item type წიგნი
Source of classification or shelving scheme
ეგზემპლარები
ჩამოწერის სტატუსი დაკარგული ეგზემპლარის სტატუსი დაზიანების სტატუსი არ გაიცემა შეძენის თარიღი შტრიხკოდი ბოლო ოპერაციის თარიღი ფასის ძალაში შესვლის თარიღი ეგზემპლარის სახეობა
        2018-12-17 55145 2018-12-17 2018-12-17 წიგნი